=LDR 00000nam 2200000 4500 =001 000573 =005 20250711010019 =035 ##$$a 0010-0725000441 =007 ta =008 250711################a##########0#ind## =020 ##$$a 978-623-472-284-0 =082 ##$$a 398.209 598 =084 ##$$a 398.209 598 WIL a =100 #$$a Wilson, Sam =245 1#$$a Aku Ingin Coba! /$c Sam Wilson =250 ##$$a cetakan pertama =260 ##$$a Jakarta :$b badan pengembangan dan pembinaan bahasa,$c 2022 =300 ##$$a 24 hlm. : $b ilus. ; $c 22,9 cm$e 398.209 598 =650 #4$$a cerita anak indonesia =856 ##$$a TBM As Suhada =990 ##$$a TBM03340334